Riconosci il Calciatore - Quiz n°77 - Statistics

Statistiche generali
  • Questo quiz è stato fatto 9 volte
  • Il punteggio medio è 13 su 17
Statistiche sulle risposte
Indizio Risposta % Corretto
Data di nascita 02/01/1994
100%
Ruolo Difensore
100%
Nazionalità Italia / Marocco
100%
Trofei per club 0
83%
Squadra di club 2 Bologna 2013-2018
83%
Squadra di club 1 Giacomense 2012-2013
83%
Squadra di club 4 Udinese 2022-
83%
Squadra di club 3 Watford 2018-20225
83%
Gol in nazionale 0
67%
Trofei per nazionali 0
67%
Presenze in nazionale 16
67%
Altezza 191 cm
67%
Presenze nei club 252
67%
Peso 87 kg
67%
Gol nei club 9
67%
Calciatore Adam Masina
67%
Trofei individuali Gran Galà del calcio AIC: 1 Miglior calciatore della Serie B: 2015
67%
Nessun quiz corrispondente trovato
Distribuzione punteggi
Percentuale di utenti per punteggio
Percentile per numero di risposta
I tuoi punteggi nel tempo
Non hai fatto questo quiz